000 00541nam a2200181Ia 4500
008 151018s9999 xx 000 0 und d
082 _bRBASDV46527
_a641.5
100 _aशेख आतीया
245 _aमालवणी जेवणावळ
250 _b2
260 _bहर्ष
_c2003
300 _a140
600 _aशेख आतीया
630 _aमालवणी जेवणावळ
700 _aशेख आतीया
730 _aमालवणी जेवणावळ
942 _cBOOK
999 _c1045681
_d1045678